<?xml version="1.0" encoding="UTF-8"?>
<record
    xmlns:xsi="http://www.w3.org/2001/XMLSchema-instance"
    xsi:schemaLocation="http://www.loc.gov/MARC21/slim http://www.loc.gov/standards/marcxml/schema/MARC21slim.xsd"
    xmlns="http://www.loc.gov/MARC21/slim">

  <leader>00798cam a2200193   4500</leader>
  <datafield tag="999" ind1=" " ind2=" ">
    <subfield code="c">109264</subfield>
    <subfield code="d">109264</subfield>
  </datafield>
  <controlfield tag="005">20180504092742.0</controlfield>
  <controlfield tag="008">160519b        mx ||||| |||| 00| 0 spa d</controlfield>
  <datafield tag="020" ind1=" " ind2=" ">
    <subfield code="a">9707270705</subfield>
  </datafield>
  <datafield tag="050" ind1="0" ind2="4">
    <subfield code="a">JV7400 </subfield>
    <subfield code="b">F66 2006</subfield>
  </datafield>
  <datafield tag="111" ind1="1" ind2=" ">
    <subfield code="a">Foro de Reflexi&#xF3;n Binacional</subfield>
    <subfield code="n">(2o :</subfield>
    <subfield code="d">2006 :</subfield>
    <subfield code="c">M&#xE9;xico, D. F.)</subfield>
  </datafield>
  <datafield tag="245" ind1="1" ind2="4">
    <subfield code="a">Los mexicanos de aqu&#xED; y de all&#xE1; &#xBF;problemas comunes? :</subfield>
    <subfield code="b"> memoria del segundo Foro de Reflexi&#xF3;n Binacional</subfield>
  </datafield>
  <datafield tag="250" ind1=" " ind2=" ">
    <subfield code="a">1a ed.</subfield>
  </datafield>
  <datafield tag="260" ind1=" " ind2=" ">
    <subfield code="a">M&#xE9;xico :</subfield>
    <subfield code="b">Senado de la Rep&#xFA;blica, LIX Legislatura : Fundaci&#xF3;n Solidaridad Mexicano Americana,</subfield>
    <subfield code="c"> 2006</subfield>
  </datafield>
  <datafield tag="300" ind1=" " ind2=" ">
    <subfield code="a">243 p.;</subfield>
    <subfield code="c"> 23 cm.</subfield>
  </datafield>
  <datafield tag="651" ind1="1" ind2="7">
    <subfield code="a">M&#xE9;xico </subfield>
    <subfield code="x">Emigraci&#xF3;n e inmigraci&#xF3;n </subfield>
    <subfield code="v">Congresos</subfield>
    <subfield code="2">LIBRUNAM</subfield>
  </datafield>
  <datafield tag="651" ind1="1" ind2="7">
    <subfield code="a">Estados Unidos</subfield>
    <subfield code="x">Emigraci&#xF3;n e inmigraci&#xF3;n </subfield>
    <subfield code="v">Congresos </subfield>
    <subfield code="2">LIBRUNAM</subfield>
  </datafield>
  <datafield tag="942" ind1=" " ind2=" ">
    <subfield code="2">lcc</subfield>
    <subfield code="c">LIB</subfield>
  </datafield>
  <datafield tag="952" ind1=" " ind2=" ">
    <subfield code="1">0</subfield>
    <subfield code="2">lcc</subfield>
    <subfield code="4">0</subfield>
    <subfield code="7">0</subfield>
    <subfield code="a">INV-055</subfield>
    <subfield code="b">INV-055</subfield>
    <subfield code="c">GENERAL</subfield>
    <subfield code="d">2015-11-23</subfield>
    <subfield code="f">1a ed.</subfield>
    <subfield code="i">CEA</subfield>
    <subfield code="k">CSA</subfield>
    <subfield code="o">JV 7400 F66 2006</subfield>
    <subfield code="p">IIE000004018</subfield>
    <subfield code="r">2015-11-23 00:00:00</subfield>
    <subfield code="t">C:1</subfield>
    <subfield code="y">LIB</subfield>
  </datafield>
  <datafield tag="952" ind1=" " ind2=" ">
    <subfield code="1">0</subfield>
    <subfield code="2">lcc</subfield>
    <subfield code="4">0</subfield>
    <subfield code="7">0</subfield>
    <subfield code="a">POS-042</subfield>
    <subfield code="b">POS-042</subfield>
    <subfield code="c">GENERAL</subfield>
    <subfield code="d">2016-05-19</subfield>
    <subfield code="e">DON</subfield>
    <subfield code="f">1a. ed.</subfield>
    <subfield code="k">CSA</subfield>
    <subfield code="o">JV7400 F66 2006</subfield>
    <subfield code="p">BPD000002972</subfield>
    <subfield code="r">2016-05-19 00:00:00</subfield>
    <subfield code="t">C:1</subfield>
    <subfield code="y">LIB</subfield>
  </datafield>
  <datafield tag="952" ind1=" " ind2=" ">
    <subfield code="1">0</subfield>
    <subfield code="2">lcc</subfield>
    <subfield code="4">0</subfield>
    <subfield code="7">0</subfield>
    <subfield code="a">POS-042</subfield>
    <subfield code="b">POS-042</subfield>
    <subfield code="c">GENERAL</subfield>
    <subfield code="d">2016-05-19</subfield>
    <subfield code="e">DON</subfield>
    <subfield code="f">1a. ed.</subfield>
    <subfield code="k">CSA</subfield>
    <subfield code="o">JV7400 F66 2006</subfield>
    <subfield code="p">BPD000002973</subfield>
    <subfield code="r">2016-05-19 00:00:00</subfield>
    <subfield code="t">C:2</subfield>
    <subfield code="y">LIB</subfield>
  </datafield>
  <datafield tag="952" ind1=" " ind2=" ">
    <subfield code="1">0</subfield>
    <subfield code="2">lcc</subfield>
    <subfield code="4">0</subfield>
    <subfield code="7">0</subfield>
    <subfield code="a">DEP-054</subfield>
    <subfield code="b">DEP-054</subfield>
    <subfield code="c">GENERAL</subfield>
    <subfield code="d">2016-07-01</subfield>
    <subfield code="e">DON</subfield>
    <subfield code="f">1a. ed.</subfield>
    <subfield code="k">CSA</subfield>
    <subfield code="o">JV7400 F66 2004</subfield>
    <subfield code="p">BUPB000000017</subfield>
    <subfield code="r">2016-07-01 00:00:00</subfield>
    <subfield code="t">C:1</subfield>
    <subfield code="y">LIB</subfield>
  </datafield>
  <datafield tag="952" ind1=" " ind2=" ">
    <subfield code="1">0</subfield>
    <subfield code="2">lcc</subfield>
    <subfield code="4">0</subfield>
    <subfield code="7">0</subfield>
    <subfield code="a">DEP-054</subfield>
    <subfield code="b">DEP-054</subfield>
    <subfield code="c">GENERAL</subfield>
    <subfield code="d">2016-07-01</subfield>
    <subfield code="e">DON</subfield>
    <subfield code="f">1a. ed.</subfield>
    <subfield code="k">CSA</subfield>
    <subfield code="o">JV7400 F66 2004</subfield>
    <subfield code="p">BUPB000000021</subfield>
    <subfield code="r">2016-07-01 00:00:00</subfield>
    <subfield code="t">C:2</subfield>
    <subfield code="y">LIB</subfield>
  </datafield>
</record>
